000 00412nam a22001217a 4500
999 _c10195
_d10195
003 OSt
008 201218b ||||| |||| 00| 0 eng d
245 _aIEEMA Journal
250 _a2007(Jul Vol.27 No.7, Sep Vol.27 No.9, Oct Vol.27 No.10, Nov Vol.27 No.11)
260 _aMumbai
_bIndian Electrical and Electronics Manufacturers Association
650 _aElectronics and Communication Engineering
942 _2ddc
_cBV